| 000 | 01203nam a2200205Ia 4500 | ||
|---|---|---|---|
| 003 | Ost | ||
| 005 | 20260507075736.0 | ||
| 008 | 260507s9999||||xx |||||||||||||| ||und|| | ||
| 040 | _cfsecg | ||
| 041 | _aara | ||
| 082 | _a1.42 | ||
| 100 |
_aجودة، محفوظ _eمؤلف |
||
| 245 | 0 |
_aأساليب البحث العلمي في ميدان العلمي في ميدان العلوم الإدارية / _c محفوظ جودة |
|
| 260 |
_aعمان: _bدار زهران للنشر, _c2004 |
||
| 300 |
_a390 صفحة؛ _bإيضاحات ؛ _c24 سم |
||
| 504 | _aالجداول ص.384 ؛ببليوغرافيا: ص.386 الأشكال ص.385 | ||
| 520 | _aماهية البحث العلمي،التصميم النظري للبحث،الملاحظة،المقابلة،الإستبيان،الإختيارات،العينات،مناهج البحث العلمي،عرض البيانات،تحليل البيانات،ماهية تقرير البحث،الجوانب الشكلية في تقرير البحث،الجوانب الفنية في تقرير البحث،الجوانب الإخراجية لتقرير البحث وعملية تقييمه | ||
| 653 | _aطرق البحث | ||
| 942 | _cكتاب | ||
| 999 |
_c46088 _d46088 |
||